Wszystkie miasta Europy z ludnością powyżej 50 tys. (z mapą) - Statystyki

Ogólne statystyki
  • Ten quiz został rozwiązany 2 012 razy
    1 952 od ostatniego zresetowania
  • Średni wynik to 194 z 1661
Odpowiedzi na mapie
Odpowiedzi zakodowano w zielono-czerwonej skali na mapie do tego quizu, zgodnie z poniższymi procentami.
 
Statystyki odpowiedzi
Państwo Subdivision Ludność Miasto % Poprawnych
Polska mazowieckie 1 862 080 Warszawa
84%
Polska pomorskie 487 864 Gdańsk
81%
Polska pomorskie 239 716 Gdynia
79%
Polska małopolskie 808 227 Kraków
79%
Szwajcaria 56 175 Biel/Bienne
78%
Polska lubelskie 327 697 Lublin
77%
Polska zachodniopomorskie 386 473 Szczecin
77%
Polska dolnośląskie 674 040 Wrocław
76%
Polska łódzkie 645 213 Łódź
75%
Polska wielkopolskie 535 364 Poznań
75%
Niemcy Berlin 3 669 827 Berlin
74%
Polska podlaskie 290 755 Białystok
74%
Białoruś 1 986 753 Mińsk
74%
Polska śląskie 276 809 Katowice
73%
Polska kujawsko-pomorskie 322 332 Bydgoszcz
72%
Czechy 1 313 734 Praga
72%
Polska kujawsko-pomorskie 193 492 Toruń
72%
Litwa 607 532 Wilno
72%
Polska warmińsko-mazurskie 166 247 Olsztyn
71%
Łotwa 595 967 Ryga
71%
Polska podkarpackie 197 778 Rzeszów
71%
Austria 2 042 175 Wiedeń
70%
Ukraina 1 100 000 Kijów
69%
Norwegia 716 538 Oslo
69%
Francja Île-de-France 2 084 204 Paryż
69%
Estonia 451 209 Tallinn
69%
Polska lubuskie 138 541 Zielona Góra
69%
Finlandia 680 392 Helsinki
68%
Polska świętokrzyskie 180 616 Kielce
68%
Wielka Brytania Wielki Londyn 9 013 621 Londyn
68%
Hiszpania Madryt 3 402 987 Madryt
68%
Irlandia 611 011 Dublin
67%
Polska lubuskie 113 524 Gorzów Wielkopolski
67%
Rosja Moskwa 13 424 570 Moskwa
67%
Polska mazowieckie 193 961 Radom
67%
Włochy Lombardia 50 962 Rho
67%
Włochy Lacjum 2 757 571 Rzym
67%
Hiszpania Katalonia 1 684 392 Barcelona
66%
Polska opolskie 125 599 Opole
66%
Słowacja 478 891 Bratysława
65%
Dania 674 220 Kopenhaga
65%
Niemcy Bawaria 1 509 789 Monachium
65%
Szwecja 983 497 Sztokholm
65%
Holandia 938 174 Amsterdam
64%
Grecja 637 243 Ateny
64%
Węgry 1 672 175 Budapeszt
64%
Portugalia 543 193 Lizbona
64%
Ukraina 712 909 Lwów
64%
Islandia 138 304 Reykjavík
64%
Bułgaria 1 202 605 Sofia
64%
Polska podlaskie 67 867 Suwałki
64%
Polska śląskie 203 362 Częstochowa
63%
Polska warmińsko-mazurskie 112 084 Elbląg
63%
Polska zachodniopomorskie 105 415 Koszalin
63%
Rosja Petersburg 5 816 180 Petersburg
63%
Chorwacja 655 722 Zagrzeb
63%
Rumunia 1 666 188 Bukareszt
62%
Niemcy Hamburg 1 833 267 Hamburg
62%
Albania 424 154 Tirana
61%
Serbia 1 204 061 Belgrad
60%
Belgia 200 141 Bruksela
60%
Niemcy Hesse 761 280 Frankfurt nad Menem
60%
Niemcy Brandenburgia 55 052 Frankfurt nad Odrą
60%
Rosja królewiecki 507 816 Królewiec
60%
Polska małopolskie 101 986 Tarnów
60%
Włochy Lombardia 1 382 840 Mediolan
59%
Bośnia i Hercegowina 274 502 Sarajewo
59%
Turcja 15 553 563 Stambuł
59%
Polska śląskie 168 417 Gliwice
58%
Polska mazowieckie 109 947 Płock
58%
Mołdawia 462 196 Kiszyniów
57%
Szwajcaria 137 723 Berno
56%
Wielka Brytania North West England 487 126 Manchester
56%
Francja Prowansja-Alpy-Lazurowe Wybrzeże 880 702 Marsylia
56%
Włochy Kampania 906 962 Neapol
56%
Portugalia 229 617 Porto
56%
Polska śląskie 184 725 Sosnowiec
56%
Polska śląskie 152 206 Zabrze
56%
Czechy 403 258 Brno
55%
Litwa 306 034 Kowno
55%
Słowenia 280 356 Lublana
54%
Francja Owernia-Rodan-Alpy 528 232 Lyon
54%
Polska pomorskie 84 717 Słupsk
54%
Polska śląskie 164 553 Bielsko-Biała
53%
Polska śląskie 99 278 Chorzów
53%
Polska warmińsko-mazurskie 59 529 Ełk
53%
Polska dolnośląskie 90 878 Legnica
53%
Polska dolnośląskie 66 745 Lubin
53%
Polska podkarpackie 55 189 Przemyśl
53%
Holandia 673 569 Rotterdam
53%
Włochy Wenecja Euganejska 249 579 Wenecja
53%
Wielka Brytania Szkocja 624 701 Glasgow
52%
Niemcy Nadrenia Północna-Westfalia 1 020 123 Kolonia
52%
Wielka Brytania North West England 514 382 Liverpool
52%
Polska małopolskie 80 021 Nowy Sącz
52%
Ukraina 1 008 115 Odessa
52%
Kosowo 166 554 Prisztina
52%
Macedonia Północna 425 449 Skopje
52%
Włochy Piedmont 846 013 Turyn
52%
Polska dolnośląskie 98 794 Wałbrzych
52%
Polska lubelskie 57 531 Zamość
52%
Ukraina 1 000 000 Charków
51%
Polska dolnośląskie 74 328 Jelenia Góra
51%
Polska wielkopolskie 92 126 Kalisz
51%
Luksemburg 137 778 Luksemburg
51%
Czechy 277 258 Ostrawa
51%
Polska wielkopolskie 69 440 Piła
51%
Polska łódzkie 65 621 Piotrków Trybunalski
51%
Czarnogóra 175 077 Podgorica
51%
Polska mazowieckie 65 526 Pruszków
51%
Grecja 307 933 Saloniki
51%
Polska kujawsko-pomorskie 99 384 Włocławek
51%
Rosja niżnonowogrodzki 78 465 Bor
50%
Polska śląskie 145 745 Bytom
50%
Niemcy Saksonia 568 642 Drezno
50%
Wielka Brytania Szkocja 502 391 Edynburg
50%
Polska wielkopolskie 66 046 Konin
50%
Szwecja 352 212 Malmö
50%
Włochy Sycylia 625 613 Palermo
50%
Finlandia 50 945 Salo
50%
Niemcy Nadrenia Północna-Westfalia 604 725 Dortmund
49%
Polska wielkopolskie 67 570 Gniezno
49%
Polska kujawsko-pomorskie 66 575 Inowrocław
49%
Niemcy Saksonia 621 830 Lipsk
49%
Hiszpania Andaluzja 683 988 Sewilla
49%
Polska lubelskie 56 362 Chełm
48%
Holandia 570 487 Haga
48%
Polska podlaskie 59 296 Łomża
48%
Białoruś 345 602 Brześć
47%
Ukraina 800 000 Donieck
47%
Białoruś 360 826 Grodno
47%
Polska śląskie 129 833 Rybnik
47%
Polska mazowieckie 74 910 Siedlce
47%
Hiszpania Walencja 819 421 Walencja
47%
Szwajcaria 438 048 Zurych
47%
Polska lubelskie 54 097 Biała Podlaska
46%
Wielka Brytania West Midlands 1 149 251 Birmingham
46%
Polska kujawsko-pomorskie 87 843 Grudziądz
46%
Litwa 161 875 Kłajpeda
46%
Polska śląskie 121 009 Tychy
46%
Francja Prowansja-Alpy-Lazurowe Wybrzeże 351 793 Nicea
45%
Polska wielkopolskie 68 725 Ostrów Wielkopolski
45%
Austria 158 691 Salzburg
45%
Polska śląskie 112 193 Dąbrowa Górnicza
44%
Słowacja 223 703 Koszyce
44%
Polska zachodniopomorskie 66 332 Stargard
44%
Hiszpania Kraj Basków 344 720 Bilbao
43%
Niemcy Brema 582 808 Brema
43%
Włochy Toskania 364 949 Florencja
43%
Polska śląskie 129 027 Ruda Śląska
43%
Polska wielkopolskie 59 416 Leszno
42%
Chorwacja 144 292 Split
42%
Francja Nowa Akwitania 269 863 Bordeaux
41%
Szwecja 599 605 Goteborg
41%
Austria 133 021 Innsbruck
41%
Polska mazowieckie 52 416 Legionowo
41%
Belgia 96 576 Mons
41%
Belgia 549 887 Antwerpia
40%
Wielka Brytania Irlandia Północna 390 993 Belfast
40%
Szwajcaria 207 566 Genewa
40%
Austria 307 841 Graz
40%
Polska mazowieckie 51 980 Piaseczno
40%
Polska pomorskie 56 551 Tczew
40%
Polska łódzkie 52 982 Zgierz
40%
Polska łódzkie 51 598 Bełchatów
39%
Norwegia 284 835 Bergen
39%
Holandia 66 550 Bergen op Zoom
39%
Francja Hauts-de-France 239 355 Lille
39%
Polska podkarpackie 56 519 Mielec
39%
Polska pomorskie 53 841 Rumia
39%
Niemcy Badenia-Wirtembergia 616 331 Stuttgart
39%
Włochy Apulia 316 344 Bari
38%
Wielka Brytania WaliaWalia 57 312 Barry
38%
Wielka Brytania Walia 354 116 Cardiff
38%
Polska opolskie 53 458 Kędzierzyn-Koźle
38%
Hiszpania Andaluzja 596 085 Málaga
38%
Polska łódzkie 59 738 Pabianice
38%
Włochy Emilia-Romania 391 860 Bolonia
37%
Polska dolnośląskie 61 241 Głogów
37%
Niemcy Bawaria 531 218 Norymberga
37%
Rosja Sewastopol 538 098 Sewastopol
37%
Polska podkarpackie 54 217 Stalowa Wola
37%
Francja Grand Est 300 673 Strasburg
37%
Irlandia 134 107 Cork
36%
Niemcy Nadrenia Północna-Westfalia 617 227 Dusseldorf
36%
Wielka Brytania Yorkshire and the Humber 552 906 Leeds
36%
Polska świętokrzyskie 61 106 Ostrowiec Świętokrzyski
36%
Hiszpania Aragonia 686 471 Saragossa
36%
Bułgaria 316 320 Warna
36%
Ukraina 959 436 Dniepr
35%
Włochy Liguria 562 320 Genua
35%
Niemcy Dolna Saksonia 514 935 Hanower
35%
Polska łódzkie 56 726 Tomaszów Mazowiecki
35%
Francja Oksytania 525 498 Tuluza
35%
Polska śląskie 81 297 Jastrzębie-Zdrój
34%
Polska śląskie 86 014 Jaworzno
34%
Rosja Tatarstan 1 357 641 Kazań
34%
Austria 214 297 Linz
34%
Polska śląskie 62 935 Siemianowice Śląskie
34%
Polska śląskie 70 815 Mysłowice
33%
Hiszpania Baleary 436 451 Palma
33%
Czechy 175 396 Pilzno
33%
Polska śląskie 61 333 Tarnowskie Góry
33%
Norwegia 207 419 Trondheim
33%
Polska śląskie 61 756 Żory
33%
Niemcy Nadrenia Północna-Westfalia 325 316 Bonn
32%
Francja Kraje Loary 336 416 Nantes
32%
Wielka Brytania North East England 293 240 Newcastle
32%
Wielka Brytania West Midlands 76 921 Newcastle-under-Lyme
32%
Serbia 266 311 Nowy Sad
32%
Niemcy Nadrenia Północna-Westfalia 572 196 Essen
31%
Niemcy Brandenburgia 189 209 Poczdam
31%
Rosja smoleński 313 580 Smoleńsk
31%
Włochy Wenecja Euganejska 255 472 Werona
31%
Rosja Wołgograd 1 030 059 Wołgograd
31%
Polska śląskie 53 174 Będzin
30%
Francja Bretania 139 923 Brest
30%
Polska śląskie 51 229 Piekary Śląskie
30%
Chorwacja 101 424 Rijeka
30%
Holandia 250 002 Eindhoven
29%
Czechy 104 938 Liberec
29%
Ukraina 140 000 Mariupol
29%
Rosja murmański 258 176 Murmańsk
29%
Czechy 107 970 Ołomuniec
29%
Niemcy Meklemburgia-Pomorze Przednie 204 236 Rostock
29%
Rosja Krasnodarski 502 487 Soczi
29%
Wielka Brytania South East England 254 156 Southampton
29%
Polska dolnośląskie 52 174 Świdnica
29%
Włochy Friuli-Wenecja Julijska 199 593 Triest
29%
Finlandia 204 367 Turku
29%
Belgia 271 567 Gandawa
28%
Białoruś 497 207 Homel
28%
Rumunia 275 014 Kluż-Napoka
28%
Ukraina 350 000 Ługańsk
28%
Rosja Niżny Nowogród 1 218 889 Niżny Nowogród
28%
Ukraina 500 000 Zaporoże
28%
Szwajcaria 177 156 Bazylea
27%
Wielka Brytania South West England 440 537 Bristol
27%
Włochy Sardinia 146 519 Cagliari
27%
Hiszpania Katalonia 106 431 Girona
27%
Włochy Sycylia 296 758 Katania
27%
Niemcy Szlezwik-Holsztyn 252 324 Kilonia
27%
Wielka Brytania South East England 175 255 Oxford
27%
Włochy Toskania 89 556 Piza
27%
Rosja rostowski 1 157 854 Rostów nad Donem
27%
Mołdawia 116 138 Tyraspol
27%
Dania 300 792 Aarhus
26%
Włochy Lombardia 121 019 Bergamo
26%
Portugalia 150 184 Braga
26%
Belgia 120 338 Brugia
26%
Grecja 50 751 Iraklio
26%
Białoruś 356 003 Witebsk
26%
Dania 120 485 Aalborg
25%
Grecja 146 858 Iraklion
25%
Niemcy Saksonia-Anhalt 244 714 Magdeburg
25%
Chorwacja 65 976 Zadar
25%
Niemcy Saksonia 54 717 Görlitz
24%
Belgia 195 605 Liège
24%
Słowenia 94 149 Maribor
24%
Francja Oksytania 318 994 Montpellier
24%
Czechy 59 841 Most
24%
Norwegia 61 399 Nordre Follo
24%
Wielka Brytania East Midlands 306 184 Nottingham
24%
Chorwacja 50 542 Pula
24%
Hiszpania Andaluzja 230 810 Grenada
23%
Rosja jarosławski 573 131 Jarosław
23%
Rosja Krasnodarski 1 204 454 Krasnodar
23%
Dania 185 143 Odense
23%
Finlandia 217 082 Oulu
23%
Francja Bretania 231 556 Rennes
23%
Rosja Baszkiria 1 169 278 Ufa
23%
Holandia 377 312 Utrecht
23%
Hiszpania Galicja 295 170 Vigo
23%
Wielka Brytania Szkocja 192 322 Aberdeen
22%
Hiszpania Walencja 362 444 Alicante
22%
Niemcy Bawaria 301 073 Augsburg
22%
Holandia 228 730 Groningen
22%
Rosja Czeczenia 345 429 Grozny
22%
Wielka Brytania East Midlands 422 239 Leicester
22%
Włochy Emilia-Romania 200 030 Parma
22%
Hiszpania Kraj Basków 188 380 San Sebastian
22%
Wielka Brytania Yorkshire and the Humber 502 484 Sheffield
22%
Norwegia 71 246 Tromsø
22%
Wielka Brytania Yorkshire and the Humber 143 138 York
22%
Bułgaria 187 407 Burgas
21%
Albania 96 100 Durres
21%
Hiszpania Andaluzja 109 709 Kadyks
21%
Hiszpania Andaluzja 326 512 Kordoba
21%
Ukraina 586 747 Krzywy Róg
21%
Bośnia i Hercegowina 59 888 Mostar
21%
Hiszpania Murcja 475 235 Murcja
21%
Rosja permski 1 046 710 Perm
21%
Wielka Brytania South West England 269 924 Plymouth
21%
Ukraina 69 321 Samar
21%
Estonia 94 466 Tartu
21%
Niemcy Dolna Saksonia 128 857 Wolfsburg
21%
Hiszpania Galicja 249 161 A Coruña
20%
Rosja archangielski 288 375 Archangielsk
20%
Bośnia i Hercegowina 136 131 Banja Luka
20%
Wielka Brytania East of England 161 232 Cambridge
20%
Węgry 196 404 Debreczyn
20%
Łotwa 77 549 Dyneburg
20%
Rosja Kursk 447 436 Kursk
20%
Finlandia 120 931 Lahti
20%
Ukraina 460 994 Mikołajów
20%
Wielka Brytania East of England 206 188 Norwich
20%
Grecja 169 497 Pireus
20%
Bułgaria 328 036 Płowdiw
20%
Holandia 147 890 s-Hertogenbosch
20%
Szwecja 235 525 Uppsala
20%
Francja Korsyka 77 395 Ajaccio
19%
Niemcy Nadrenia Północna-Westfalia 267 097 Akwizgran
19%
Francja Hauts-de-France 61 661 Calais
19%
Francja Burgundia-Franche-Comté 162 167 Dijon
19%
Niemcy Nadrenia Północna-Westfalia 265 412 Gelsenkirchen
19%
Niemcy Nadrenia Północna-Westfalia 168 118 Leverkusen
19%
Niemcy Szlezwik-Holsztyn 217 309 Lubeka
19%
Ukraina 215 952 Łuck
19%
Wielka Brytania East of England 241 937 Luton
19%
Niemcy Badenia-Wirtembergia 319 329 Mannheim
19%
Włochy Wenecja Euganejska 207 627 Padwa
19%
Rosja pskowski 190 157 Psków
19%
Francja Grand Est 176 250 Reims
19%
Niemcy Saara 180 119 Saarbrücken
19%
Wielka Brytania Walia 170 342 Swansea
19%
Ukraina 368 851 Winnica
19%
Słowacja 79 956 Żylina
19%
Niemcy Nadrenia Północna-Westfalia 330 837 Bielefeld
18%
Niemcy Nadrenia Północna-Westfalia 504 510 Duisburg
18%
Francja Hauts-de-France 85 396 Dunkierka
18%
Belgia 68 279 Genk
18%
Hiszpania Madryt 191 183 Getafe
18%
Austria 105 947 Klagenfurt
18%
Rumunia 257 532 Konstanca
18%
Szwajcaria 145 487 Lozanna
18%
Białoruś 352 563 Mohylew
18%
Hiszpania Navarre 208 874 Pampeluna
18%
Hiszpania Kantabria 173 311 Santander
18%
Ukraina 200 000 Sumy
18%
Litwa 113 742 Szawle
18%
Finlandia 259 756 Tampere
18%
Niemcy Badenia-Wirtembergia 129 592 Ulm
18%
Rosja Woroneż 1 082 096 Woroneż
18%
Ukraina 71 000 Chersoń
17%
Niemcy Brandenburgia 92 478 Chociebuż
17%
Włochy Lombardia 84 019 Como
17%
Hiszpania Kastylia i León 121 127 León
17%
Łotwa 66 292 Lipawa
17%
Niemcy Nadrenia Północna-Westfalia 307 166 Münster
17%
Serbia 178 117 Nisz
17%
Białoruś 123 682 Pińsk
17%
Słowacja 81 435 Preszów
17%
Włochy Emilia-Romania 150 825 Rimini
17%
Grecja 56 075 Rodos
17%
Finlandia 65 875 Rovaniemi
17%
Norwegia 138 115 Stavanger
17%
Ukraina 227 965 Tarnopol
17%
Ukraina 258 219 Żytomierz
17%
Słowacja 73 410 Bańska Bystrzyca
16%
Holandia 182 959 Breda
16%
Niemcy Saksonia 240 036 Chemnitz
16%
Wielka Brytania Szkocja 147 334 Dundee
16%
Niemcy Turyngia 222 343 Erfurt
16%
Portugalia 50 033 Faro
16%
Hiszpania Baleary 53 180 Ibiza
16%
Ukraina 242 384 Iwano-Frankiwsk
16%
Niemcy Badenia-Wirtembergia 50 677 Lahr/Schwarzwald
16%
Francja Grand Est 123 128 Metz
16%
Hiszpania Asturia 217 574 Oviedo
16%
Litwa 85 772 Poniewież
16%
Ukraina 241 646 Równe
16%
Francja Owernia-Rodan-Alpy 173 825 Saint-Étienne
16%
Rosja Krym 341 472 Symferopol
16%
Włochy Sycylia 115 548 Syrakuzy
16%
Rumunia 229 977 Timișoara
16%
Hiszpania Kastylia i León 296 888 Valladolid
16%
Niemcy Nadrenia Północna-Westfalia 352 376 Bochum
15%
Białoruś 133 967 Borysów
15%
Francja Normandia 109 493 Caen
15%
Francja Prowansja-Alpy-Lazurowe Wybrzeże 72 568 Cannes
15%
Francja Normandia 161 854 Hawr
15%
Rumunia 265 979 Jassy
15%
Niemcy Turyngia 111 476 Jena
15%
Finlandia 125 298 Kuopio
15%
Irlandia 64 730 Limerick
15%
Włochy Sycylia 216 215 Mesyna
15%
Włochy Emilia-Romania 185 028 Modena
15%
Niemcy Nadrenia-Palatynat 225 177 Moguncja
15%
Bułgaria 120 956 Ruse
15%
Rosja samarski 1 175 854 Samara
15%
Hiszpania Kastylia-La Mancha 86 383 Toledo
15%
Słowacja 62 671 Trnawa
15%
Wielka Brytania West Midlands 237 582 Wolverhampton
15%
Holandia 104 852 Alkmaar
14%
Rosja astrachański 463 121 Astrachań
14%
Białoruś 170 593 Baranowicze
14%
Grecja 54 753 Chania
14%
Belgia 205 153 Charleroi
14%
Wielka Brytania West Midlands 355 126 Coventry
14%
Czechy 96 399 Czeskie Budziejowice
14%
Hiszpania Asturia 268 585 Gijón
14%
Francja Owernia-Rodan-Alpy 155 363 Grenoble
14%
Węgry 127 018 Gyor
14%
Czechy 92 021 Hradec Králové
14%
Holandia 123 548 Maastricht
14%
Rosja dagestański 638 435 Machaczkała
14%
Francja Grand Est 103 659 Nancy
14%
Słowacja 75 831 Nitra
14%
Francja Kraje Loary 117 932 Orlean
14%
Chorwacja 72 790 Osijek
14%
Czechy 89 186 Pardubice
14%
Węgry 134 292 Pecz
14%
Wielka Brytania South East England 224 468 Portsmouth
14%
Wielka Brytania North West England 63 256 Sale
14%
Wielka Brytania North East England 166 711 Sunderland
14%
Włochy Trydent-Górna Adyga 119 407 Trydent
14%
Rosja tulski 465 746 Tuła
14%
Włochy Friuli-Wenecja Julijska 98 778 Udine
14%
Ukraina 115 263 Użhorod
14%
Francja Île-de-France 82 131 Wersal
14%
Wielka Brytania South West England 201 406 Bournemouth
13%
Rumunia 232 828 Braszów
13%
Włochy Lombardia 200 083 Brescia
13%
Niemcy Dolna Saksonia 255 273 Brunszwik
13%
Turcja 185 417 Edirne
13%
Finlandia 321 139 Espoo
13%
Niemcy Badenia-Wirtembergia 238 637 Fryburg
13%
Irlandia 86 686 Galway
13%
Wielka Brytania East of England 153 935 Ipswich
13%
Rosja Krym 158 817 Kercz
13%
Włochy Apulia 94 259 Lecce
13%
Węgry 141 440 Miszkolc
13%
Niemcy Nadrenia Północna-Westfalia 266 217 Mönchengladbach
13%
Włochy Lombardia 123 691 Monza
13%
Ukraina 273 694 Połtawa
13%
Hiszpania Katalonia 111 092 Reus
13%
Rosja riazański 529 688 Riazan
13%
Czechy 73 748 Zlín
13%
Hiszpania Andaluzja 201 058 Almería
12%
Ukraina 277 587 Chmielnicki
12%
Wielka Brytania East Midlands 282 984 Derby
12%
Hiszpania Walencja 241 008 Elche
12%
Niemcy Saksonia-Anhalt 225 972 Halle
12%
Niemcy Bawaria 139 227 Ingolstadt
12%
Rosja Krym 73 211 Jałta
12%
Niemcy Badenia-Wirtembergia 309 289 Karlsruhe
12%
Niemcy Hesja 196 027 Kassel
12%
Rumunia 223 353 Krajowa
12%
Francja Kraje Loary 146 123 Le Mans
12%
Belgia 105 004 Leuven
12%
Białoruś 104 586 Lida
12%
Szwajcaria 86 511 Lucerna
12%
Estonia 52 541 Narwa
12%
Holandia 189 527 Nijmegen
12%
Wielka Brytania East Midlands 254 357 Northampton
12%
Białoruś 79 151 Połock
12%
Niemcy Bawaria 148 411 Ratyzbona
12%
Francja Île-de-France 115 834 Saint-Denis
12%
Rosja Saratów 920 185 Saratów
12%
Węgry 156 010 Segedyn
12%
Rosja włodzimierski 351 309 Włodzimierz
12%
Niemcy Nadrenia Północna-Westfalia 360 140 Wuppertal
12%
Holandia 129 143 Zwolle
12%
Rosja tulski 60 580 Aleksin
11%
Francja Kraje Loary 160 944 Angers
11%
Holandia 166 494 Arnhem
11%
Wielka Brytania North West England 149 214 Blackpool
11%
Rosja briański 368 936 Briańsk
11%
Szwecja 65 188 Kalmar
11%
Norwegia 110 612 Kristiansand
11%
Włochy Toskania 152 536 Livorno
11%
Hiszpania Andaluzja 163 284 Marbella
11%
Niemcy Dolna Saksonia 176 463 Oldenburg
11%
Litwa 50 894 Olita
11%
Czechy 53 938 Opawa
11%
Rumunia 179 060 Oradea
11%
Rosja orenburski 542 274 Orenburg
11%
Rosja orłowski 298 975 Orzeł
11%
Niemcy Dolna Saksonia 167 575 Osnabrück
11%
Włochy Umbria 162 610 Perugia
11%
Francja Normandia 116 692 Rouen
11%
Włochy Kampania 125 867 Salerno
11%
Włochy Toskania 52 985 Siena
11%
Albania 52 203 Szkodra
11%
Rosja twerski 419 960 Twer
11%
Austria 66 369 Villach
11%
Hiszpania Walencja 52 566 Villarreal
11%
Albania 64 990 Wlora
11%
Francja Hauts-de-France 134 126 Amiens
10%
Włochy Marche 99 659 Ankona
10%
Rosja biełgorodzki 335 253 Biełgorod
10%
Białoruś 206 674 Bobrujsk
10%
Włochy Trydent-Górna Adyga 106 545 Bolzano
10%
Hiszpania Kastylia i León 175 017 Burgos
10%
Portugalia 106 962 Coimbra
10%
Ukraina 264 300 Czerkasy
10%
Ukraina 170 000 Czernihów
10%
Wielka Brytania Irlandia Północna 86 095 Derry/Londonderry
10%
Holandia 151 202 Enschede
10%
Niemcy Nadrenia Północna-Westfalia 179 795 Hamm
10%
Łotwa 54 588 Jełgawa
10%
Szwecja 134 440 Jönköping
10%
Francja Oksytania 146 392 Nîmes
10%
Białoruś 101 288 Orsza
10%
Wielka Brytania South East England 211 400 Reading
10%
Hiszpania Kastylia i León 143 783 Salamanka
10%
Hiszpania Galicja 99 635 Santiago de Compostela
10%
Bułgaria 120 630 Stara Zagora
10%
Holandia 226 894 Tilburg
10%
Francja Kraje Loary 138 595 Tours
10%
Słowacja 53 839 Trenczyn
10%
Wielka Brytania East of England 137 172 Watford
10%
Hiszpania Kastylia-La Mancha 173 599 Albacete
9%
Belgia 128 136 Anderlecht
9%
Francja Korsyka 51 709 Bastia
9%
Wielka Brytania North West England 127 603 Blackburn
9%
Niemcy Brema 120 518 Bremerhaven
9%
Wielka Brytania North West England 80 854 Burnley
9%
Niemcy Hesja 166 134 Darmstadt
9%
Wielka Brytania South West England 130 828 Exeter
9%
Włochy Emilia-Romania 129 396 Ferrara
9%
Niemcy Szlezwik-Holsztyn 98 065 Flensburg
9%
Czechy 52 696 Frydek-Mistek
9%
Szwecja 146 894 Helsingborg
9%
Szwecja 151 992 Linköping
9%
Szwajcaria 63 890 Lugano
9%
Białoruś 105 174 Mozyrz
9%
Szwecja 133 268 Norrköping
9%
Rosja nowogrodzki 225 938 Nowogród Wielki
9%
Szwecja 146 039 Örebro
9%
Włochy Abruzja 118 455 Pescara
9%
Kosowo 70 034 Prizren
9%
Włochy Kalabria 168 449 Reggio di Calabria
9%
Włochy Emilia-Romania 172 061 Reggio nell'Emilia
9%
Włochy Sardinia 120 231 Sassari
9%
Białoruś 97 172 Soligorsk
9%
Szwajcaria 78 883 St. Gallen
9%
Rosja samarski 674 680 Toljatti
9%
Niemcy Nadrenia-Palatynat 102 023 Trewir
9%
Francja Prowansja-Alpy-Lazurowe Wybrzeże 189 099 Tulon
9%
Szwecja 120 875 Umeå
9%
Niemcy Hesja 287 879 Wiesbaden
9%
Niemcy Bawaria 132 994 Würzburg
9%
Niemcy Saksonia 85 571 Zwickau
9%
Rumunia 140 809 Arad
8%
Francja Prowansja-Alpy-Lazurowe Wybrzeże 89 130 Awinion
8%
Wielka Brytania South West England 96 332 Bath
8%
Wielka Brytania North West England 189 618 Bolton
8%
Wielka Brytania Yorkshire and the Humber 341 262 Bradford
8%
Niemcy Brandenburgia 74 026 Brandenburg
8%
Wielka Brytania North West England 95 126 Chester
8%
Francja Owernia-Rodan-Alpy 151 279 Clermont-Ferrand
8%
Ukraina 265 112 Czerniowce
8%
Rumunia 208 219 Gałacz
8%
Niemcy Badenia-Wirtembergia 155 496 Heidelberg
8%
Hiszpania Andaluzja 143 268 Huelva
8%
Finlandia 149 196 Jyväskylä
8%
Niemcy Nadrenia-Palatynat 100 490 Kaiserslautern
8%
Ukraina 94 960 Kamieniec Podolski
8%
Rosja kirowski 466 598 Kirow
8%
Niemcy Nadrenia-Palatynat 114 191 Koblencja
8%
Niemcy Badenia-Wirtembergia 88 503 Konstancja
8%
Finlandia 50 109 Kotka
8%
Ukraina 67 036 Kowel
8%
Serbia 145 388 Kragujevac
8%
Grecja 146 893 Larisa
8%
Włochy Liguria 92 989 La Spezia
8%
Francja Bretania 58 032 Lorient
8%
Szwecja 71 842 Luleå
8%
Ukraina 75 000 Melitopol
8%
Wielka Brytania North East England 149 731 Middlesbrough
8%
Francja Grand Est 103 656 Miluza
8%
Rosja Krasnodarski 268 327 Noworosyjsk
8%
Grecja 170 621 Patras
8%
Francja Nowa Akwitania 76 967 Pau
8%
Włochy Emilia-Romania 156 600 Rawenna
8%
Austria 60 093 Sankt Pölten
8%
Niemcy Meklemburgia-Pomorze Przednie 97 679 Schwerin
8%
Portugalia 98 598 Setúbal
8%
Wielka Brytania West Midlands 264 165 Stoke-on-Trent
8%
Serbia 86 874 Subotica
8%
Bośnia i Hercegowina 73 883 Tuzla
8%
Rosja uljanowski 618 113 Uljanowsk
8%
Czechy 88 474 Uście nad Łabą
8%
Finlandia 250 866 Vantaa
8%
Rosja leningradzki 70 461 Wyborg
8%
Holandia 216 843 Almere
7%
Francja Owernia-Rodan-Alpy 135 728 Annecy
7%
Hiszpania Estremadura 150 384 Badajoz
7%
Mołdawia 84 999 Bielce
7%
Włochy Apulia 81 742 Brindisi
7%
Ukraina 100 000 Browary
7%
Norwegia 100 001 Drammen
7%
Albania 60 063 Elbasan
7%
Dania 71 088 Esbjerg
7%
Niemcy Bawaria 133 596 Fürth
7%
Niemcy Dolna Saksonia 126 629 Getynga
7%
Portugalia 54 997 Guimarães
7%
Holandia 168 491 Haarlem
7%
Rosja Udmurcja 622 213 Iżewsk
7%
Rosja kałuski 340 724 Kaługa
7%
Szwecja 55 832 Karlskrona
7%
Hiszpania Murcja 220 569 Kartagena
7%
Białoruś 52 814 Kobryń
7%
Francja Kraje Loary 55 868 La Roche-sur-Yon
7%
Hiszpania Madryt 193 264 Leganés
7%
Francja Nowa Akwitania 127 183 Limoges
7%
Rosja lipiecki 492 759 Lipieck
7%
Włochy Toskania 89 165 Lukka
7%
Belgia 114 991 Namur
7%
Wielka Brytania Walia 135 722 Newport
7%
Serbia 72 474 Novi Pazar
7%
Białoruś 95 061 Nowopołock
7%
Belgia 72 864 Ostenda
7%
Rosja penzeński 496 401 Penza
7%
Francja Oksytania 118 138 Perpignan
7%
Wielka Brytania East of England 201 886 Peterborough
7%
Włochy Emilia-Romania 103 501 Piacenza
7%
Rumunia 171 571 Ploeszti
7%
Rosja Stawropolski 591 612 Stawropol
7%
Włochy Apulia 185 463 Taranto
7%
Hiszpania Katalonia 140 505 Tarragona
7%
Finlandia 69 427 Vaasa
7%
Szwecja 152 457 Västerås
7%
Włochy Sycylia 65 753 Vittoria
7%
Irlandia 57 063 Waterford
7%
Bułgaria 59 689 Wielkie Tyrnowo
7%
Francja Prowansja-Alpy-Lazurowe Wybrzeże 150 684 Aix-en-Provence
6%
Norwegia 54 447 Ålesund
6%
Hiszpania Katalonia 226 855 Badalona
6%
Niemcy Badenia-Wirtembergia 56 741 Baden-Baden
6%
Francja Burgundia-Franche-Comté 120 879 Besançon
6%
Ukraina 200 000 Biała Cerkiew
6%
Macedonia Północna 68 359 Bitola
6%
Rosja moskiewski 271 871 Chimki
6%
Wielka Brytania East of England 136 664 Colchester
6%
Wielka Brytania Yorkshire and the Humber 88 728 Doncaster
6%
Ukraina 72 522 Drohobycz
6%
Włochy Apulia 145 182 Foggia
6%
Niemcy Turyngia 92 415 Gera
6%
Holandia 75 687 Gouda
6%
Wielka Brytania Yorkshire and the Humber 143 295 Huddersfield
6%
Hiszpania Aragonia 54 500 Huesca
6%
Rosja iwanowski 348 851 Iwanowo
6%
Grecja 64 693 Janina
6%
Wielka Brytania Yorkshire and the Humber 274 791 Kingston upon Hull
6%
Ukraina 100 000 Kramatorsk
6%
Holandia 131 986 Lejda
6%
Wielka Brytania East Midlands 108 581 Lincoln
6%
Belgia 90 116 Mechelen
6%
Wielka Brytania South East England 207 391 Milton Keynes
6%
Białoruś 87 833 Mołodeczno
6%
Czarnogóra 54 154 Nikšić
6%
Niemcy Nadrenia Północna-Westfalia 158 660 Paderborn
6%
Rosja Karelia 227 414 Pietrozawodsk
6%
Bułgaria 87 696 Plewen
6%
Francja Nowa Akwitania 91 788 Poitiers
6%
Finlandia 82 912 Pori
6%
Wielka Brytania North West England 94 944 Preston
6%
Rosja Mordovia 320 049 Sarańsk
6%
Rumunia 88 198 Satu Mare
6%
Białoruś 59 625 Słuck
6%
Niemcy Meklemburgia-Pomorze Przednie 53 343 Stralsund
6%
Wielka Brytania South West England 191 875 Swindon
6%
Węgry 93 380 Székesfehérvár
6%
Rumunia 110 464 Târgu Mureș
6%
Macedonia Północna 64 986 Tetowo
6%
Francja Grand Est 64 018 Troyes
6%
Holandia 93 012 Venlo
6%
Rosja Osetia Północna 291 282 Władykaukaz
6%
Rosja wołogodzki 317 560 Wołogda
6%
Bośnia i Hercegowina 69 998 Zenica
6%
Holandia 147 171 Apeldoorn
5%
Rumunia 133 580 Bacău
5%
Rumunia 104 190 Baia Mare
5%
Niemcy Bawaria 73 273 Bamberg
5%
Mołdawia 79 749 Bendery
5%
Rumunia 146 873 Braiła
5%
Wielka Brytania South East England 278 522 Brighton and Hove
5%
Serbia 68 832 Čačak
5%
Włochy Kalabria 83 366 Catanzaro
5%
Francja Normandia 75 936 Cherbourg-en-Cotentin
5%
Francja Grand Est 66 028 Colmar
5%
Turcja 320 144 Çorlu
5%
Bułgaria 68 898 Dobricz
5%
Holandia 121 458 Dordrecht
5%
Rosja Krym 108 228 Eupatoria
5%
Niemcy Nadrenia Północna-Westfalia 190 013 Hagen
5%
Niemcy Badenia-Wirtembergia 50 891 Heidenheim an der Brenz
5%
Dania 51 759 Herning
5%
Czechy 50 692 Igława
5%
Hiszpania Andaluzja 111 619 Jaén
5%
Czechy 67 625 Kladno
5%
Dania 62 550 Kolding
5%
Belgia 80 974 Kortrijk
5%
Niemcy Nadrenia Północna-Westfalia 232 679 Krefeld
5%
Ukraina 211 440 Krzemieńczuk
5%
Macedonia Północna 74 835 Kumanowo
5%
Francja Nowa Akwitania 80 622 La Rochelle
5%
Hiszpania Katalonia 147 053 Lleida
5%
Hiszpania La Rioja 149 815 Logroño
5%
Szwecja 125 737 Lund
5%
Ukraina 85 600 Mukaczewo
5%
Rosja Kabardo-Bałkaria 249 086 Nalczyk
5%
Węgry 115 238 Nyiregyhaza
5%
Niemcy Nadrenia Północna-Westfalia 212 584 Oberhausen
5%
Włochy Sardinia 61 888 Olbia
5%
Rumunia 136 972 Pitești
5%
Rosja moskiewski 332 712 Podolsk
5%
Dania 64 259 Randers
5%
Dania 53 369 Roskilde
5%
Francja Hauts-de-France 100 768 Roubaix
5%
Włochy Liguria 53 100 San Remo
5%
Dania 52 419 Silkeborg
5%
Wielka Brytania East of England 184 937 Southend-on-Sea
5%
Ukraina 59 272 Stryj
5%
Rumunia 81 943 Suczawa
5%
Rumunia 130 363 Sybin
5%
Węgry 77 981 Szombathely
5%
Rosja tambowski 256 592 Tambow
5%
Turcja 193 440 Tekirdağ
5%
Włochy Kampania 79 493 Torre del Greco
5%
Włochy Sycylia 54 679 Trapani
5%
Szwecja 85 927 Växjö
5%
Włochy Wenecja Euganejska 111 099 Vicenza
5%
Austria 66 260 Wels
5%
Wielka Brytania North West England 82 175 Wigan
5%
Niemcy Dolna Saksonia 74 868 Wilhelmshaven
5%
Niemcy Badenia-Wirtembergia 67 335 Aalen
4%
Niemcy Nadrenia Północna-Westfalia 52 762 Ahlen
4%
Hiszpania Andaluzja 124 452 Algeciras
4%
Holandia 69 633 Almelo
4%
Portugalia 170 066 Amadora
4%
Holandia 160 869 Amersfoort
4%
Francja Nowa Akwitania 55 110 Bajonna
4%
Wielka Brytania Yorkshire and the Humber 73 119 Barnsley
4%
Niemcy Bawaria 72 643 Bayreuth
4%
Włochy Kampania 55 605 Benevento
4%
Hiszpania Walencja 75 499 Benidorm
4%
Ukraina 75 000 Berdiańsk
4%
Bułgaria 62 264 Błagojewgrad
4%
Ukraina 60 000 Boryspol
4%
Niemcy Nadrenia Północna-Westfalia 118 067 Bottrop
4%
Francja Île-de-France 121 059 Boulogne-Billancourt
4%
Francja Kraje Loary 62 123 Bourges
4%
Rumunia 99 817 Buzău
4%
Wielka Brytania South East England 56 094 Canterbury
4%
Wielka Brytania North West England 78 388 Carlisle
4%
Włochy Emilia-Romania 96 133 Cesena
4%
Włochy Kalabria 63 502 Cosenza
4%
Włochy Lombardia 71 221 Cremona
4%
Rosja Czuwaszja 510 884 Czeboksary
4%
Rosja moskiewski 97 421 Czechow
4%
Rosja wołogodzki 303 103 Czerepowiec
4%
Holandia 111 246 Delft
4%
Rosja dagestański 126 660 Derbent
4%
Austria 52 586 Dornbirn
4%
Holandia 101 290 Ede
4%
Hiszpania Katalonia 65 401 El Prat de Llobregat
4%
Rosja saratowski 232 253 Engels
4%
Niemcy Bawaria 114 252 Erlangen
4%
Szwecja 52 490 Falun
4%
Włochy Emilia-Romania 117 537 Forlì
4%
Norwegia 78 552 Fredrikstad
4%
Niemcy Hesja 64 754 Fulda
4%
Szwecja 96 490 Gävle
4%
Wielka Brytania South West England 121 709 Gloucester
4%
Ukraina 175 000 Gorłówka
4%
Niemcy Meklemburgia-Pomorze Przednie 55 658 Greifswald
4%
Wielka Brytania Yorkshire and the Humber 85 122 Grimsby
4%
Belgia 81 409 Hasselt
4%
Czechy 64 933 Hawierzów
4%
Holandia 87 023 Heerlen
4%
Niemcy Badenia-Wirtembergia 131 230 Heilbronn
4%
Wielka Brytania South East England 86 428 High Wycombe
4%
Dania 64 646 Horsens
4%
Włochy Emilia-Romania 69 260 Imola
4%
Ukraina 70 000 Irpień
4%
Hiszpania Andaluzja 214 973 Jerez de la Frontera
4%
Finlandia 78 440 Joensuu
4%
Grecja 58 793 Kalamata
4%
Szwecja 88 510 Karlstad
4%
Grecja 51 322 Kawala
4%
Ukraina 60 624 Kołomyja
4%
Rosja kostromski 267 108 Kostroma
4%
Finlandia 78 107 Kouvola
4%
Włochy Lacjum 127 298 Latina
4%
Serbia 52 820 Leskovac
4%
Hiszpania Katalonia 288 247 L'Hospitalet de Llobregat
4%
Niemcy Nadrenia-Palatynat 176 548 Ludwigshafen
4%
Hiszpania Galicja 98 865 Lugo
4%
Hiszpania Estremadura 59 499 Mérida
4%
Niemcy Nadrenia Północna-Westfalia 99 618 Moers
4%
Niemcy Nadrenia Północna-Westfalia 172 528 Mülheim
4%
Niemcy Meklemburgia-Pomorze Przednie 58 762 Neubrandenburg
4%
Niemcy Nadrenia Północna-Westfalia 153 679 Neuss
4%
Ukraina 100 759 Nikopol
4%
Włochy Piedmont 103 095 Novara
4%
Rosja orenburski 176 350 Orsk
4%
Szwecja 59 419 Östersund
4%
Niemcy Bawaria 52 686 Pasawa
4%
Bułgaria 65 393 Pernik
4%
Wielka Brytania South West England 142 980 Poole
4%
Finlandia 51 514 Porvoo
4%
Francja Bretania 63 731 Quimper
4%
Rosja jarosławski 170 874 Rybińsk
4%
Białoruś 64 901 Rzeczyca
4%
Rosja twerski 54 034 Rżew
4%
Niemcy Nadrenia Północna-Westfalia 103 013 Siegen
4%
Bułgaria 77 828 Sliwen
4%
Niemcy Nadrenia Północna-Westfalia 166 858 Solingen
4%
Szwecja 85 323 Solna
4%
Węgry 60 270 Sopron
4%
Wielka Brytania North West England 120 191 Stockport
4%
Szwecja 86 814 Sundsvall
4%
Białoruś 61 825 Swietłahorsk
4%
Węgry 63 984 Szolnok
4%
Bułgaria 66 167 Szumen
4%
Rosja rostowski 241 513 Taganrog
4%
Belgia 68 473 Tournai
4%
Włochy Wenecja Euganejska 85 698 Treviso
4%
Dania 62 103 Vejle
4%
Węgry 54 159 Veszprém
4%
Hiszpania Katalonia 70 169 Vilanova i la Geltrú
4%
Niemcy Turyngia 66 147 Weimar
4%
Rosja pskowski 83 424 Wielkie Łuki
4%
Szwajcaria 121 023 Winterthur
4%
Niemcy Nadrenia Północna-Westfalia 90 624 Witten
4%
Grecja 85 734 Wolos
4%
Wielka Brytania West Midlands 107 903 Worcester
4%
Białoruś 76 786 Żłobin
4%
Białoruś 63 648 Żodzino
4%
Belgia 92 003 Aalst
3%
Włochy Sycylia 55 050 Agrigento
3%
Hiszpania Andaluzja 77 938 Alcalá de Guadaíra
3%
Hiszpania Madryt 174 117 Alcorcón
3%
Ukraina 73 780 Aleksandria
3%
Grecja 59 977 Aleksandropolis
3%
Francja Prowansja-Alpy-Lazurowe Wybrzeże 75 300 Antibes
3%
Włochy Toskania 96 280 Arezzo
3%
Francja Île-de-France 105 110 Argenteuil
3%
Portugalia 62 911 Aveiro
3%
Rosja rostowski 81 626 Azow
3%
Rosja moskiewski 572 638 Bałaszycha
3%
Francja Hauts-de-France 57 874 Beauvais
3%
Niemcy Nadrenia Północna-Westfalia 111 381 Bergisch Gladbach
3%
Francja Oksytania 83 235 Béziers
3%
Szwecja 104 960 Borås
3%
Serbia 53 047 Borča
3%
Rumunia 80 036 Bystrzyca
3%
Hiszpania Estremadura 96 732 Cáceres
3%
Hiszpania Walencja 179 197 Castellón de la Plana
3%
Francja Owernia-Rodan-Alpy 59 962 Chambéry
3%
Bułgaria 62 884 Chaskowo
3%
Wielka Brytania South West England 117 372 Cheltenham
3%
Wielka Brytania East Midlands 76 260 Chesterfield
3%
Hiszpania Kastylia-La Mancha 75 427 Ciudad Real
3%
Włochy Kalabria 57 760 Crotone
3%
Hiszpania Kastylia-La Mancha 53 072 Cuenca
3%
Holandia 54 691 Den Helder
3%
Rosja moskiewski 169 092 Domodiedowo
3%
Hiszpania Andaluzja 141 690 Dos Hermanas
3%
Niemcy Nadrenia Północna-Westfalia 95 430 Düren
3%
Rosja niżnonowogrodzki 212 470 Dzierżyńsk
3%
Wielka Brytania South East England 100 120 Eastbourne
3%
Rosja moskiewski 143 892 Elektrostal
3%
Rosja Kałmucja 102 240 Elista
3%
Holandia 69 267 Emmen
3%
Szwecja 95 901 Eskilstuna
3%
Belgia 58 633 Forest
3%
Dania 107 264 Frederiksberg
3%
Hiszpania Madryt 185 957 Fuenlabrada
3%
Włochy Sycylia 70 246 Gela
3%
Niemcy Hesja 90 191 Gießen
3%
Wielka Brytania South East England 110 118 Gillingham
3%
Rumunia 52 476 Giurgiu
3%
Włochy Toskania 81 703 Grosseto
3%
Hiszpania Kastylia-La Mancha 90 829 Guadalajara
3%
Niemcy Nadrenia Północna-Westfalia 100 580 Gütersloh
3%
Wielka Brytania South East England 91 862 Hastings
3%
Holandia 81 134 Hengelo
3%
Niemcy Nadrenia Północna-Westfalia 155 514 Herne
3%
Niemcy Dolna Saksonia 97 277 Hildesheim
3%
Holandia 76 322 Hoorn
3%
Ukraina 79 692 Humań
3%
Ukraina 68 992 Izmaił
3%
Bułgaria 58 882 Jamboł
3%
Ukraina 64 185 Kałusz
3%
Węgry 107 128 Kecskemét
3%
Rosja moskiewski 132 089 Kołomna
3%
Serbia 56 049 Kraljevo
3%
Szwecja 72 712 Kristianstad
3%
Ukraina 214 762 Kropywnycki
3%
Serbia 52 721 Kruševac
3%
Finlandia 73 097 Lappeenranta
3%
Holandia 107 853 Leeuwarden
3%
Norwegia 91 447 Lillestrøm
3%
Niemcy Dolna Saksonia 73 579 Lüneburg
3%
Rosja Adygeja 143 130 Majkop
3%
Ukraina 300 000 Makiejewka
3%
Włochy Sycylia 79 512 Marsala
3%
Włochy Toskania 65 731 Massa
3%
Francja Île-de-France 52 694 Massy
3%
Hiszpania Katalonia 129 477 Mataró
3%
Finlandia 51 696 Mikkeli
3%
Francja Île-de-France 114 630 Montreuil
3%
Hiszpania Madryt 212 555 Móstoles
3%
Belgia 60 363 Mouscron
3%
Rosja moskiewski 277 853 Mytiszcze
3%
Rosja Tatarstan 558 888 Nabierieżnyje Czełny
3%
Francja Oksytania 58 350 Narbona
3%
Francja Nowa Akwitania 59 547 Niort
3%
Rosja moskiewski 105 024 Nogińsk
3%
Rosja tulski 116 434 Nowomoskowsk
3%
Wielka Brytania North West England 116 285 Oldham
3%
Holandia 74 555 Oss
3%
Hiszpania Galicja 103 795 Ourense
3%
Serbia 72 826 Pančevo
3%
Włochy Lombardia 71 886 Pawia
3%
Ukraina 98 478 Pawłohrad
3%
Bułgaria 54 190 Pazardżik
3%
Włochy Marche 95 535 Pesaro
3%
Niemcy Badenia-Wirtembergia 137 580 Pforzheim
3%
Macedonia Północna 62 180 Prilep
3%
Niemcy Nadrenia Północna-Westfalia 115 039 Recklinghausen
3%
Niemcy Nadrenia Północna-Westfalia 114 469 Remscheid
3%
Niemcy Badenia-Wirtembergia 118 629 Reutlingen
3%
Hiszpania Andaluzja 52 715 Rincón de la Victoria
3%
Wielka Brytania Yorkshire and the Humber 71 667 Rotherham
3%
Serbia 50 598 Šabac
3%
Hiszpania Katalonia 219 179 Sabadell
3%
Wielka Brytania North West England 117 551 Salford
3%
Norwegia 58 139 Sandefjord
3%
Belgia 130 055 Schaerbeek
3%
Hiszpania Kastylia i León 50 618 Segowia
3%
Grecja 58 431 Serres
3%
Chorwacja 55 706 Sesvete
3%
Turcja 206 165 Silivri
3%
Holandia 83 844 Sittard-Geleen
3%
Wielka Brytania South East England 174 158 Slough
3%
Serbia 58 253 Smederevo
3%
Rosja leningradzki 65 243 Sosnowy Bór
3%
Rosja biełgorodzki 221 851 Stary Oskoł
3%
Rosja Komi 216 474 Syktywkar
3%
Rosja rostowski 222 586 Szachty
3%
Ukraina 62 963 Szeptycki
3%
Włochy Umbria 106 432 Terni
3%
Hiszpania Katalonia 227 976 Terrassa
3%
Rumunia 63 159 Tulcza
3%
Niemcy Badenia-Wirtembergia 92 409 Tybinga
3%
Serbia 55 470 Valjevo
3%
Francja Bretania 55 233 Vannes
3%
Portugalia 189 144 Vila Nova de Gaia
3%
Francja Owernia-Rodan-Alpy 162 435 Villeurbanne
3%
Serbia 50 096 Vranje
3%
Wielka Brytania West Midlands 107 234 West Bromwich
3%
Rosja rostowski 167 228 Wołgodońsk
3%
Rosja wołgogradzki 319 833 Wołżsk
3%
Rosja Mari El 52 253 Wołżsk
3%
Rosja Komi 53 488 Workuta
3%
Niemcy Nadrenia-Palatynat 86 368 Wormacja
3%
Serbia 65 205 Zrenjanin
3%
Rumunia 64 438 Alba Iulia
2%
Hiszpania Madryt 122 051 Alcobendas
2%
Ukraina 90 000 Ałczewśk
2%
Włochy Piedmont 92 493 Alessandria
2%
Portugalia 95 643 Almada
2%
Holandia 105 227 Alphen aan den Rijn
2%
Holandia 94 774 Amstelveen
2%
Włochy Lacjum 59 737 Anzio
2%
Rosja Krasnodarski 186 689 Armawir
2%
Turcja 280 949 Arnavutköy
2%
Niemcy Bawaria 72 728 Aschaffenburg
2%
Norwegia 95 915 Asker
2%
Francja Île-de-France 91 762 Asnières-sur-Seine
2%
Holandia 64 601 Assen
2%
Włochy Piedmont 73 819 Asti
2%
Francja Île-de-France 94 263 Aubervilliers
2%
Francja Île-de-France 87 835 Aulnay-sous-Bois
2%
Hiszpania Kastylia i León 58 977 Ávila
2%
Norwegia 120 274 Bærum
2%
Hiszpania Kraj Basków 101 127 Barakaldo
2%
Włochy Apulia 92 229 Barletta
2%
Wielka Brytania East of England 120 083 Basildon
2%
Wielka Brytania South East England 122 327 Basingstoke
2%
Rosja rostowski 131 480 Batajsk
2%
Wielka Brytania East of England 100 883 Bedford
2%
Węgry 53 089 Békéscsaba
2%
Ukraina 71 163 Berdyczów
2%
Rosja permski 133 040 Berezniki
2%
Belgia 51 432 Beveren
2%
Francja Île-de-France 52 549 Bondy
2%
Rumunia 84 875 Botoszany
2%
Wielka Brytania West Midlands 79 565 Burton upon Trent
2%
Wielka Brytania North West England 82 946 Bury
2%
Rumunia 56 085 Călărași
2%
Włochy Emilia-Romania 73 088 Carpi
2%
Włochy Toskania 59 596 Carrara
2%
Włochy Kampania 72 208 Caserta
2%
Niemcy Dolna Saksonia 66 038 Celle
2%
Francja Île-de-France 71 649 Cergy
2%
Turcja 152 233 Çerkezköy
2%
Grecja 66 108 Chalkida
2%
Rosja dagestański 162 250 Chasawjurt
2%
Wielka Brytania East of England 114 024 Chelmsford
2%
Francja Kraje Loary 54 027 Cholet
2%
Włochy Lacjum 51 685 Civitavecchia
2%
Francja Île-de-France 67 791 Clichy
2%
Francja Île-de-France 91 317 Colombes
2%
Francja Île-de-France 80 436 Courbevoie
2%
Wielka Brytania South East England 125 830 Crawley
2%
Francja Île-de-France 94 489 Créteil
2%
Wielka Brytania North West England 75 647 Crewe
2%
Ukraina 57 301 Czarnomorsk
2%
Rosja Karaczajo-Czerkiesja 108 912 Czerkiesk
2%
Rumunia 50 670 Deva
2%
Holandia 94 446 Deventer
2%
Holandia 84 266 Dijk en Waard (Heerhugowaard)
2%
Holandia 150 236 Haarlemmermeer (Hoofddorp)
2%
Holandia 51 484 Doetinchem
2%
Francja Île-de-France 72 559 Drancy
2%
Rumunia 75 976 Drobeta-Turnu Severin
2%
Wielka Brytania North East England 51 916 Durham
2%
Hiszpania Andaluzja 95 480 El Ejido
2%
Węgry 73 550 Érd
2%
Belgia 50 258 Etterbeek
2%
Francja Île-de-France 65 485 Évry-Courcouronnes
2%
Hiszpania Galicja 63 081 Ferrol
2%
Włochy Lacjum 83 392 Fiumicino
2%
Rumunia 62 784 Fokszany
2%
Francja Prowansja-Alpy-Lazurowe Wybrzeże 59 871 Fréjus
2%
Hiszpania Andaluzja 88 289 Fuengirola
2%
Dania 76 725 Gentofte
2%
Hiszpania Kraj Basków 75 492 Getxo
2%
Dania 72 064 Gladsaxe
2%
Grecja 90 292 Glifada
2%
Wielka Brytania Yorkshire and the Humber 88 922 Halifax
2%
Szwecja 98 622 Halmstad
2%
Finlandia 68 477 Hämeenlinna
2%
Niemcy Hesja 95 265 Hanau
2%
Holandia 94 050 Helmond
2%
Niemcy Nadrenia Północna-Westfalia 55 251 Hilden
2%
Holandia 93 881 Hilversum
2%
Dania 54 930 Hvidovre
2%
Francja Prowansja-Alpy-Lazurowe Wybrzeże 54 187 Hyères
2%
Hiszpania Kraj Basków 62 808 Irun
2%
Niemcy Nadrenia Północna-Westfalia 91 298 Iserlohn
2%
Francja Île-de-France 68 238 Issy-les-Moulineaux
2%
Francja Île-de-France 66 953 Ivry-sur-Seine
2%
Belgia 89 876 Ixelles
2%
Rosja Krasnodarski 81 563 Jejsk
2%
Rosja lipiecki 97 477 Jelec
2%
Belgia 54 526 Jette
2%
Rosja Mari El 290 878 Joszkar-Oła
2%
Ukraina 221 589 Kamieńskie
2%
Turcja 136 963 Kapaklı
2%
Węgry 57 334 Kaposvár
2%
Rosja dagestański 127 372 Kaspijsk
2%
Grecja 57 251 Katerini
2%
Niemcy Bawaria 65 282 Kempten
2%
Turcja 88 807 Kırklareli
2%
Niemcy Nadrenia Północna-Westfalia 53 348 Kleve
2%
Rosja moskiewski 90 862 Klin
2%
Grecja 51 957 Komotini
2%
Ukraina 50 000 Konotop
2%
Ukraina 60 074 Korosteń
2%
Rosja włodzimierski 128 843 Kowrow
2%
Rosja moskiewski 208 617 Krasnogorsk
2%
Grecja 59 541 Ksanti
2%
Rosja permski 61 698 Kungur
2%
Belgia 81 340 La Louvière
2%
Włochy Kalabria 67 110 Lamezia Terme
2%
Wielka Brytania North West England 54 309 Lancaster
2%
Niemcy Bawaria 68 917 Landshut
2%
Włochy Abruzja 70 249 L'Aquila
2%
Francja Prowansja-Alpy-Lazurowe Wybrzeże 61 337 La Seyne-sur-Mer
2%
Portugalia 56 051 Leiria
2%
Holandia 78 666 Lelystad
2%
Hiszpania Andaluzja 53 733 Linares
2%
Hiszpania Murcja 100 085 Lorca
2%
Rosja moskiewski 239 522 Lubierce
2%
Niemcy Badenia-Wirtembergia 93 166 Ludwigsburg
2%
Turcja 128 743 Lüleburgaz
2%
Niemcy Nadrenia Północna-Westfalia 85 048 Lünen
2%
Dania 59 506 Lyngby-Taarbæk
2%
Wielka Brytania South East England 114 649 Maidstone
2%
Hiszpania Katalonia 79 197 Manresa
2%
Wielka Brytania East Midlands 64 823 Mansfield
2%
Niemcy Hesja 73 027 Marburg
2%
Niemcy Nadrenia Północna-Westfalia 85 900 Marl
2%
Włochy Basilicata 59 556 Matera
2%
Francja Île-de-France 56 880 Meaux
2%
Holandia 63 894 Meierijstad
2%
Francja Nowa Akwitania 79 463 Mérignac
2%
Hiszpania Andaluzja 94 976 Mijas
2%
Niemcy Nadrenia Północna-Westfalia 84 609 Minden
2%
Belgia 98 450 Molenbeek-Saint-Jean
2%
Francja Oksytania 63 210 Montauban
2%
Rosja włodzimierski 105 077 Murom
2%
Szwecja 106 416 Nacka
2%
Francja Île-de-France 99 756 Nanterre
2%
Rosja Inguszetia 130 957 Nazrań
2%
Francja Île-de-France 58 172 Neuilly-sur-Seine
2%
Niemcy Szlezwik-Holsztyn 80 193 Neumünster
2%
Niemcy Bawaria 62 483 Neu-Ulm
2%
Rosja rostowski 162 199 Nowoczerkask
2%
Niemcy Badenia-Wirtembergia 63 413 Offenburg
2%
Holandia 52 005 Oosterhout
2%
Hiszpania Kastylia i León 75 445 Palencia
2%
Hiszpania Madryt 135 137 Parla
2%
Grecja 131 719 Peristeri
2%
Ukraina 60 904 Perwomajsk
2%
Francja Nowa Akwitania 70 378 Pessac
2%
Rosja Stawropolski 147 648 Piatigorsk
2%
Rumunia 78 039 Piatra Neamț
2%
Włochy Toskania 88 927 Pistoia
2%
Niemcy Saksonia 64 723 Plauen
2%
Hiszpania Galicja 81 942 Pontevedra
2%
Włochy Basilicata 63 752 Potenza
2%
Włochy Toskania 199 448 Prato
2%
Holandia 92 637 Purmerend
2%
Włochy Sycylia 74 138 Ragusa
2%
Rumunia 91 435 Râmnicu Vâlcea
2%
Niemcy Nadrenia Północna-Westfalia 88 774 Ratingen
2%
Niemcy Badenia-Wirtembergia 50 255 Ravensburg
2%
Rumunia 53 852 Reșița
2%
Wielka Brytania North West England 113 876 Rochdale
2%
Holandia 56 247 Roermond
2%
Belgia 67 097 Roeselare
2%
Holandia 70 222 Roosendaal
2%
Niemcy Bawaria 64 230 Rosenheim
2%
Hiszpania Katalonia 81 605 Rubí
2%
Francja Kraje Loary 73 572 Saint-Nazaire
2%
Francja Hauts-de-France 51 164 Saint-Quentin
2%
Niemcy Dolna Saksonia 105 487 Salzgitter
2%
Norwegia 80 508 Sandnes
2%
Norwegia 54 709 Sarpsborg
2%
Niemcy Bawaria 53 505 Schweinfurt
2%
Finlandia 66 840 Seinäjoki
2%
Belgia 64 426 Seraing
2%
Rosja archangielski 148 081 Sewerodwińsk
2%
Wielka Brytania West Midlands 77 850 Shrewsbury
2%
Rosja moskiewski 135 796 Sierpuchow
2%
Belgia 82 701 Sint-Niklaas
2%
Szwecja 63 401 Skellefteå
2%
Szwecja 95 360 Södertälje
2%
Wielka Brytania West Midlands 108 798 Solihull
2%
Wielka Brytania North West England 95 451 Southport
2%
Rosja Baszkiria 278 574 Sterlitamak
2%
Wielka Brytania East of England 96 556 Stevenage
2%
Rosja samarski 162 047 Syzrań
2%
Rumunia 63 108 Târgoviște
2%
Rumunia 70 812 Târgu Jiu
2%
Węgry 65 251 Tatabánya
2%
Rosja Krym 65 173 Teodozja
2%
Włochy Lacjum 55 214 Tivoli
2%
Norwegia 56 434 Tønsberg
2%
Hiszpania Madryt 143 024 Torrejón de Ardoz
2%
Hiszpania Andaluzja 72 816 Torremolinos
2%
Hiszpania Walencja 90 337 Torrent
2%
Hiszpania Walencja 95 726 Torrevieja
2%
Francja Hauts-de-France 100 479 Tourcoing
2%
Grecja 61 593 Trikala
2%
Szwecja 54 193 Trollhättan
2%
Belgia 87 485 Uccle
2%
Rosja Komi 74 845 Uchta
2%
Niemcy Nadrenia Północna-Westfalia 59 602 Unna
2%
Francja Owernia-Rodan-Alpy 65 819 Valence
2%
Włochy Lombardia 78 859 Varese
2%
Rumunia 65 362 Vaslui
2%
Holandia 69 652 Veenendaal
2%
Belgia 55 974 Verviers
2%
Francja Hauts-de-France 62 165 Villeneuve-d'Ascq
2%
Portugalia 61 548 Viseu
2%
Hiszpania Kraj Basków 257 896 Vitoria-Gasteiz
2%
Wielka Brytania Yorkshire and the Humber 101 517 Wakefield
2%
Wielka Brytania West Midlands 72 105 Walsall
2%
Wielka Brytania North West England 178 187 Warrington
2%
Niemcy Nadrenia Północna-Westfalia 59 905 Wesel
2%
Rosja smoleński 50 513 Wiaźma
2%
Wielka Brytania South East England 77 333 Woking
2%
Belgia 61 694 Woluwe-Saint-Lambert
2%
Wielka Brytania South East England 114 166 Worthing
2%
Holandia 154 256 Zaanstad
2%
Węgry 52 900 Zalaegerszeg
2%
Rumunia 51 187 Zalău
2%
Hiszpania Kastylia i León 58 326 Zamora
2%
Holandia 129 234 Zoetermeer
2%
Rosja moskiewski 113 146 Żukowski
2%
Ukraina 54 729 Zwiahel
2%
Włochy Kampania 58 419 Acerra
1%
Grecja 98 757 Acharny
1%
Włochy Sycylia 50 517 Acireale
1%
Włochy Kampania 61 279 Afragola
1%
Portugalia 81 459 Agualva-Cacém
1%
Grecja 62 883 Ajia Paraskiewi
1%
Grecja 71 775 Ajos Dimitrios
1%
Rosja rostowski 50 271 Aksaj
1%
Hiszpania Madryt 201 130 Alcalá de Henares
1%
Hiszpania Walencja 59 940 Alcoi
1%
Rosja włodzimierski 55 783 Alexandrow
1%
Rosja Tatarstan 168 590 Almietjewsk
1%
Włochy Apulia 70 235 Altamura
1%
Wielka Brytania North West England 50 867 Altrincham
1%
Grecja 71 678 Amarusio
1%
Rosja Krasnodarski 88 648 Anapa
1%
Włochy Apulia 96 515 Andria
1%
Francja Île-de-France 64 246 Antony
1%
Włochy Lacjum 74 799 Aprilia
1%
Hiszpania Madryt 61 841 Aranjuez
1%
Włochy Lacjum 50 744 Ardea
1%
Hiszpania Madryt 60 934 Arganda del Rey
1%
Niemcy Nadrenia Północna-Westfalia 74 975 Arnsberg
1%
Rosja niżnonowogrodzki 104 481 Arzamas
1%
Wielka Brytania South East England 85 762 Ashford
1%
Włochy Kampania 51 992 Avellino
1%
Hiszpania Asturia 74 333 Avilés
1%
Wielka Brytania South East England 93 832 Aylesbury
1%
Niemcy Hesja 55 614 Bad Homburg vor der Höhe
1%
Niemcy Nadrenia-Palatynat 55 409 Bad Kreuznach
1%
Niemcy Nadrenia Północna-Westfalia 50 817 Bad Oeynhausen
1%
Niemcy Nadrenia Północna-Westfalia 54 272 Bad Salzuflen
1%
Włochy Sycylia 52 921 Bagheria
1%
Rosja saratowski 180 177 Bałakowo
1%
Rosja saratowski 71 793 Bałaszow
1%
Wielka Brytania Irlandia Północna 65 807 Bangor
1%
Rumunia 51 450 Bârlad
1%
Portugalia 62 674 Barreiro
1%
Wielka Brytania North West England 54 772 Barrow-in-Furness
1%
Rosja Baszkiria 58 904 Belebej
1%
Hiszpania Andaluzja 82 225 Benalmádena
1%
Niemcy Nadrenia Północna-Westfalia 62 053 Bergheim
1%
Rosja Baszkiria 63 307 Biełorieck
1%
Rosja Krasnodarski 56 457 Biełorieczieńsk
1%
Wielka Brytania North West England 110 631 Birkenhead
1%
Włochy Apulia 53 412 Bisceglie
1%
Włochy Apulia 52 935 Bitonto
1%
Hiszpania Madryt 70 278 Boadilla del Monte
1%
Francja Île-de-France 57 282 Bobigny
1%
Niemcy Badenia-Wirtembergia 52 103 Böblingen
1%
Niemcy Nadrenia Północna-Westfalia 72 159 Bocholt
1%
Szwecja 92 008 Botkyrka
1%
Wielka Brytania South East England 81 820 Bracknell
1%
Wielka Brytania East of England 56 408 Brentwood
1%
Wielka Brytania Walia 53 901 Bridgend
1%
Rosja dagestański 69 752 Bujnaksk
1%
Włochy Lombardia 83 782 Busto Arsizio
1%
Rosja orenburski 89 954 Buzułuk
1%
Francja Prowansja-Alpy-Lazurowe Wybrzeże 54 752 Cagnes-sur-Mer
1%
Włochy Sycylia 57 889 Caltanissetta
1%
Hiszpania Baleary 55 163 Calvià
1%
Holandia 68 128 Capelle aan den IJssel
1%
Włochy Kampania 73 513 Casoria
1%
Włochy Kampania 61 884 Castellammare di Stabia
1%
Hiszpania Katalonia 69 790 Castelldefels
1%
Niemcy Nadrenia Północna-Westfalia 72 411 Castrop-Rauxel
1%
Hiszpania Katalonia 58 170 Cerdanyola del Vallès
1%
Włochy Apulia 56 966 Cerignola
1%
Grecja 77 976 Chalandri
1%
Francja Île-de-France 78 534 Champigny-sur-Marne
1%
Wielka Brytania South East England 77 978 Chatham
1%
Francja Île-de-France 54 626 Chelles
1%
Hiszpania Andaluzja 91 093 Chiclana de la Frontera
1%
Ukraina 60 000 Chrustalnyj
1%
Wielka Brytania East of England 54 216 Clacton-on-Sea
1%
Francja Île-de-France 55 721 Clamart
1%
Hiszpania Madryt 68 226 Collado Villalba
1%
Hiszpania Madryt 57 739 Colmenar Viejo
1%
Francja Île-de-France 54 197 Corbeil-Essonnes
1%
Wielka Brytania East Midlands 72 986 Corby
1%
Włochy Kalabria 74 050 Corigliano-Rossano
1%
Hiszpania Katalonia 90 995 Cornellà de Llobregat
1%
Hiszpania Madryt 78 902 Coslada
1%
Włochy Piedmont 56 234 Cuneo
1%
Rosja samarski 69 513 Czapajewsk
1%
Wielka Brytania North East England 93 397 Darlington
1%
Wielka Brytania South East England 73 832 Dartford
1%
Niemcy Dolna Saksonia 82 643 Delmenhorst
1%
Niemcy Saksonia-Anhalt 73 525 Dessau-Roßlau
1%
Niemcy Nadrenia Północna-Westfalia 74 664 Detmold
1%
Niemcy Nadrenia Północna-Westfalia 66 308 Dinslaken
1%
Holandia 64 060 Hoeksche Waard (Oud-Beijerland)
1%
Holandia 62 805 Voorne aan Zee (Hellevoetsluis)
1%
Holandia 108 068 Westland (Naaldwijk/Honselersdijk)
1%
Rosja moskiewski 66 840 Dmitrow
1%
Rosja moskiewski 129 791 Dołgoprudnyj
1%
Niemcy Nadrenia Północna-Westfalia 64 749 Dormagen
1%
Niemcy Nadrenia Północna-Westfalia 73 635 Dorsten
1%
Rosja moskiewski 75 227 Dubna
1%
Wielka Brytania West Midlands 66 141 Dudley
1%
Wielka Brytania Szkocja 57 614 Dunfermline
1%
Wielka Brytania Szkocja 77 168 East Kilbride
1%
Grecja 64 591 Egaleo
1%
Hiszpania Walencja 53 497 Elda
1%
Niemcy Szlezwik-Holsztyn 52 154 Elmshorn
1%
Hiszpania Andaluzja 91 334 El Puerto de Santa María
1%
Francja Île-de-France 52 589 Épinay-sur-Seine
1%
Niemcy Nadrenia Północna-Westfalia 57 672 Eschweiler
1%
Niemcy Badenia-Wirtembergia 96 249 Esslingen am Neckar
1%
Hiszpania Andaluzja 82 447 Estepona
1%
Niemcy Nadrenia Północna-Westfalia 59 482 Euskirchen
1%
Grecja 80 589 Ewosmos
1%
Włochy Emilia-Romania 58 816 Faenza
1%
Włochy Marche 59 982 Fano
1%
Rumunia 61 861 Florești
1%
Włochy Umbria 55 192 Foligno
1%
Wielka Brytania South East England 52 359 Folkestone
1%
Francja Île-de-France 50 588 Fontenay-sous-Bois
1%
Niemcy Nadrenia Północna-Westfalia 52 390 Frechen
1%
Niemcy Badenia-Wirtembergia 62 938 Friedrichshafen
1%
Rosja moskiewski 62 126 Fryazino
1%
Grecja 57 478 Galatsi
1%
Hiszpania Walencja 80 135 Gandia
1%
Niemcy Dolna Saksonia 59 542 Garbsen
1%
Rosja leningradzki 94 804 Gatczyna
1%
Wielka Brytania North East England 113 683 Gateshead
1%
Rosja Krasnodarski 87 686 Gelendżyk
1%
Francja Île-de-France 52 649 Gennevilliers
1%
Włochy Kampania 124 118 Giugliano in Campania
1%
Niemcy Nadrenia Północna-Westfalia 75 883 Gladbeck
1%
Rosja Udmurcja 85 496 Głazow
1%
Holandia 54 583 Gooise Meren (Bussum)
1%
Niemcy Badenia-Wirtembergia 58 472 Göppingen
1%
Hiszpania Katalonia 63 776 Granollers
1%
Niemcy Nadrenia Północna-Westfalia 66 064 Grevenbroich
1%
Niemcy Nadrenia Północna-Westfalia 50 465 Gronau
1%
Rosja biełgorodzki 84 260 Gubkin
1%
Włochy Lacjum 89 797 Guidonia Montecelio
1%
Wielka Brytania South East England 79 549 Guildford
1%
Rosja rostowski 58 449 Gukowo
1%
Niemcy Nadrenia Północna-Westfalia 51 656 Gummersbach
1%
Niemcy Dolna Saksonia 58 450 Hameln
1%
Wielka Brytania Szkocja 55 632 Hamilton
1%
Szwecja 96 693 Haninge
1%
Wielka Brytania East of England 98 006 Harlow
1%
Wielka Brytania Yorkshire and the Humber 76 067 Harrogate
1%
Wielka Brytania North East England 87 782 Hartlepool
1%
Niemcy Nadrenia Północna-Westfalia 52 401 Hattingen
1%
Wielka Brytania East of England 99 052 Hemel Hempstead
1%
Wielka Brytania West Midlands 60 938 Hereford
1%
Niemcy Nadrenia Północna-Westfalia 67 409 Herford
1%
Niemcy Nadrenia Północna-Westfalia 60 956 Herten
1%
Szwecja 110 726 Huddinge
1%
Niemcy Nadrenia Północna-Westfalia 62 674 Hürth
1%
Niemcy Nadrenia Północna-Westfalia 50 630 Ibbenbüren
1%
Grecja 83 766 Ilio
1%
Grecja 76 304 Ilioupoli
1%
Rosja dagestański 56 100 Izberbasz
1%
Rosja Adygeja 56 748 Jabłonowskij
1%
Szwecja 85 384 Järfälla
1%
Rosja moskiewski 72 162 Jegoriewsk
1%
Rosja Tatarstan 74 491 Jełabuga
1%
Ukraina 60 000 Jenakijewe
1%
Rosja Stawropolski 125 194 Jessentuki
1%
Ukraina 50 000 Kadyjewka
1%
Grecja 92 468 Kalamaria
1%
Grecja 96 706 Kallitea
1%
Rosja rostowski 83 880 Kamieńsk Szachtyński
1%
Rosja wołgogradzki 104 698 Kamyszyn
1%
Holandia 66 349 Katwijk
1%
Grecja 75 314 Keratsini
1%
Niemcy Nadrenia Północna-Westfalia 66 358 Kerpen
1%
Turcja 63 541 Keşan
1%
Wielka Brytania East Midlands 65 686 Kettering
1%
Wielka Brytania West Midlands 58 427 Kidderminster
1%
Rosja iwanowski 74 834 Kineszma
1%
Wielka Brytania South West England 165 251 Kingswood
1%
Rosja leningradzki 50 654 Kiriszy
1%
Wielka Brytania Szkocja 51 474 Kirkcaldy
1%
Rosja kirowski 62 924 Kirowo Czepieck
1%
Rosja Stawropolski 127 216 Kisłowodzk
1%
Turcja 60 042 Kızılpınar
1%
Rosja dagestański 50 300 Kizlar
1%
Rosja briański 63 222 Klińce
1%
Grecja 60 585 Koridalos
1%
Rosja moskiewski 231 493 Korolow
1%
Rosja archangielski 54 832 Kotłas
1%
Rosja Krasnodarski 74 461 Kropotkin
1%
Rosja Krasnodarski 53 797 Krymsk
1%
Rosja niżnonowogrodzki 62 779 Kstowo
1%
Rosja leningradzki 67 720 Kudrowo
1%
Szwecja 79 023 Kungsbacka
1%
Rosja penzeński 75 534 Kuźnieck
1%
Rosja Krasnodarski 55 908 Łabinsk
1%
Francja Île-de-France 50 777 La Courneuve
1%
Hiszpania Andaluzja 65 237 La Línea de la Concepción
1%
Niemcy Nadrenia Północna-Westfalia 60 324 Langenfeld
1%
Niemcy Dolna Saksonia 54 402 Langenhagen
1%
Holandia 62 360 Lansingerland (B-Triangle)
1%
Hiszpania Madryt 101 953 Las Rozas de Madrid
1%
Francja Île-de-France 60 230 Le Blanc-Mesnil
1%
Włochy Lombardia 60 688 Legnano
1%
Holandia 76 464 Leidschendam-Voorburg
1%
Francja Kraje Loary 52 236 Les Sables-d'Olonne
1%
Francja Île-de-France 70 551 Levallois-Perret
1%
Niemcy Dolna Saksonia 55 874 Lingen
1%
Niemcy Nadrenia Północna-Westfalia 68 629 Lippstadt
1%
Wielka Brytania Irlandia Północna 53 735 Lisburn
1%
Rosja woroneski 53 648 Liski
1%
Wielka Brytania Szkocja 55 712 Livingston
1%
Niemcy Badenia-Wirtembergia 50 005 Lörrach
1%
Wielka Brytania East Midlands 66 876 Loughborough
1%
Niemcy Nadrenia Północna-Westfalia 71 192 Lüdenscheid
1%
Rosja permski 50 721 Łyśwa
1%
Rosja moskiewski 68 171 Łytkarino
1%
Wielka Brytania North West England 54 715 Macclesfield
1%
Wielka Brytania South East England 69 342 Maidenhead
1%
Francja Île-de-France 60 170 Maisons-Alfort
1%
Hiszpania Madryt 73 494 Majadahonda
1%
Włochy Apulia 53 260 Manfredonia
1%
Wielka Brytania South East England 64 594 Margate
1%
Włochy Sycylia 50 019 Mazara del Vallo
1%
Niemcy Nadrenia Północna-Westfalia 57 641 Meerbusch
1%
Niemcy Nadrenia Północna-Westfalia 51 941 Menden
1%
Rosja wołgogradzki 55 143 Michajłowka
1%
Rosja Stawropolski 126 933 Michajłowsk
1%
Rosja tambowski 88 124 Miczuryńsk
1%
Rosja Baszkiria 55 132 Mieleuz
1%
Rosja Stawropolski 68 733 Mineralne Wody
1%
Włochy Sycylia 53 386 Modica
1%
Włochy Apulia 57 044 Molfetta
1%
Hiszpania Murcja 78 292 Molina de Segura
1%
Hiszpania Katalonia 52 256 Mollet del Vallès
1%
Szwecja 67 209 Mölndal
1%
Włochy Piedmont 55 788 Moncalieri
1%
Hiszpania Andaluzja 59 676 Motril
1%
Rosja leningradzki 113 424 Murino
1%
Rosja moskiewski 57 311 Nachabino
1%
Rosja moskiewski 73 036 Naro-Fomińsk
1%
Grecja 63 853 Nea Jonia
1%
Grecja 72 783 Nea Smirni
1%
Niemcy Nadrenia-Palatynat 52 925 Neustadt an der Weinstraße
1%
Niemcy Nadrenia-Palatynat 66 599 Neuwied
1%
Rosja Baszkiria 134 970 Nieftiekamsk
1%
Holandia 66 542 Nieuwegein
1%
Rosja Stawropolski 117 326 Niewinnomysk
1%
Ukraina 60 000 Nieżyn
1%
Grecja 87 686 Nikaia
1%
Holandia 81 658 Nissewaard (Spijkenisse)
1%
Rosja Tatarstan 243 684 Niżniekamsk
1%
Francja Île-de-France 73 147 Noisy-le-Grand
1%
Niemcy Szlezwik-Holsztyn 81 847 Norderstedt
1%
Niemcy Dolna Saksonia 56 607 Nordhorn
1%
Szwecja 63 149 Norrtälje
1%
Rosja Czuwaszja 119 293 Nowoczeboksarsk
1%
Rosja samarski 95 487 Nowokujbyszewsk
1%
Rosja rostowski 101 329 Nowoszachtyńsk
1%
Rosja orenburski 70 394 Nowotroick
1%
Wielka Brytania West Midlands 91 616 Nuneaton
1%
Rosja kałuski 131 498 Obnińsk
1%
Rosja moskiewski 192 870 Odincowo
1%
Portugalia 58 669 Odivelas
1%
Niemcy Hesja 133 313 Offenbach nad Menem
1%
Rosja Baszkiria 117 361 Oktiabrskij
1%
Rosja moskiewski 101 684 Oriechowo-Zujewo
1%
Hiszpania Walencja 86 369 Orihuela
1%
Wielka Brytania Szkocja 80 012 Paisley
1%
Grecja 65 115 Paleo Faliro
1%
Francja Île-de-France 64 546 Pantin
1%
Hiszpania Walencja 75 399 Paterna
1%
Rosja niżnonowogrodzki 56 095 Pawłowo
1%
Rosja moskiewski 65 509 Pawłowskij Posad
1%
Niemcy Dolna Saksonia 50 681 Peine
1%
Grecja 60 498 Petroupoli
1%
Holandia 56 926 Pijnacker-Nootdorp
1%
Hiszpania Madryt 56 733 Pinto
1%
Włochy Lacjum 64 924 Pomezia
1%
Hiszpania Kastylia i León 62 142 Ponferrada
1%
Rumunia 63 054 Popești-Leordeni
1%
Włochy Friuli-Wenecja Julijska 52 708 Pordenone
1%
Włochy Kampania 51 571 Portici
1%
Hiszpania Madryt 89 930 Pozuelo de Alarcón
1%
Włochy Kampania 75 839 Pozzuoli
1%
Rosja Kabardo-Bałkaria 60 038 Prochładnyj
1%
Niemcy Nadrenia Północna-Westfalia 55 742 Pulheim
1%
Rosja moskiewski 113 239 Puszkino
1%
Włochy Sardinia 68 267 Quartu Sant'Elena
1%
Portugalia 72 247 Queluz
1%
Rosja moskiewski 119 942 Ramienskoje
1%
Niemcy Badenia-Wirtembergia 51 478 Rastatt
1%
Wielka Brytania West Midlands 82 624 Redditch
1%
Niemcy Nadrenia Północna-Westfalia 77 203 Rheine
1%
Rosja moskiewski 121 749 Rieutow
1%
Holandia 61 120 Rijswijk
1%
Portugalia 65 716 Rio Tinto
1%
Hiszpania Madryt 106 843 Rivas-Vaciamadrid
1%
Wielka Brytania South East England 68 900 Rochester
1%
Hiszpania Andaluzja 113 418 Roquetas de Mar
1%
Rosja woroneski 60 302 Rossosz
1%
Włochy Wenecja Euganejska 50 053 Rovigo
1%
Francja Île-de-France 77 781 Rueil-Malmaison
1%
Wielka Brytania West Midlands 81 661 Rugby
1%
Niemcy Hesja 65 892 Rüsselsheim am Main
1%
Hiszpania Walencja 73 650 Sagunto
1%
Francja Kraje Loary 52 037 Saint-Herblain
1%
Francja Île-de-France 75 623 Saint-Maur-des-Fossés
1%
Francja Île-de-France 56 390 Saint-Ouen
1%
Francja Owernia-Rodan-Alpy 51 305 Saint-Priest
1%
Rosja Baszkiria 146 415 Saławat
1%
Rosja rostowski 56 971 Salsk
1%
Hiszpania Andaluzja 93 191 San Fernando
1%
Niemcy Nadrenia Północna-Westfalia 56 495 Sankt Augustin
1%
Hiszpania Andaluzja 70 048 Sanlúcar de Barrameda
1%
Hiszpania Madryt 93 878 San Sebastián de los Reyes
1%
Hiszpania Katalonia 119 902 Santa Coloma de Gramenet
1%
Hiszpania Katalonia 83 713 Sant Boi de Llobregat
1%
Hiszpania Katalonia 101 226 Sant Cugat del Vallès
1%
Hiszpania Walencja 61 004 San Vicente del Raspeig
1%
Rosja Udmurcja 88 275 Sarapuł
1%
Francja Île-de-France 59 099 Sarcelles
1%
Rosja niżnonowogrodzki 93 746 Sarow
1%
Francja Île-de-France 50 342 Sartrouville
1%
Włochy Liguria 58 663 Savona
1%
Wielka Brytania Yorkshire and the Humber 59 398 Scarborough
1%
Holandia 82 610 Schiedam
1%
Niemcy Badenia-Wirtembergia 64 727 Schwäbisch Gmünd
1%
Wielka Brytania Yorkshire and the Humber 81 894 Scunthorpe
1%
Włochy Lombardia 78 125 Sesto San Giovanni
1%
Francja Île-de-France 52 755 Sevran
1%
Rosja Baszkiria 54 783 Sibay
1%
Rosja moskiewski 99 118 Siergijew Posad
1%
Hiszpania Asturia 52 759 Siero
1%
Rosja leningradzki 74 406 Siertołowo
1%
Niemcy Badenia-Wirtembergia 60 548 Sindelfingen
1%
Szwecja 50 659 Skövde
1%
Rumunia 61 411 Slatina
1%
Rosja Krasnodarski 62 733 Sławiańsk nad Kubaniem
1%
Ukraina 64 561 Smiła
1%
Rosja permski 87 252 Solikamsk
1%
Szwecja 75 396 Sollentuna
1%
Wielka Brytania North East England 72 563 South Shields
1%
Wielka Brytania West Midlands 72 732 Stafford
1%
Wielka Brytania East of England 77 287 St Albans
1%
Wielka Brytania North West England 109 599 St Helens
1%
Holandia 51 916 Stichtse Vecht (Breukelen)
1%
Wielka Brytania North East England 85 586 Stockton-on-Tees
1%
Niemcy Nadrenia Północna-Westfalia 57 394 Stolberg
1%
Rosja moskiewski 63 716 Stupino
1%
Szwecja 56 385 Sundbyberg
1%
Rosja Inguszetia 62 220 Sunża
1%
Wielka Brytania West Midlands 93 913 Sutton Coldfield
1%
Rosja Czeczenia 57 233 Szali
1%
Rosja tulski 54 241 Szczokino
1%
Rosja moskiewski 141 271 Szczołkowo
1%
Ukraina 65 000 Szostka
1%
Rosja iwanowski 54 293 Szuja
1%
Szwecja 71 827 Täby
1%
Hiszpania Kastylia-La Mancha 85 004 Talavera de la Reina
1%
Wielka Brytania West Midlands 76 979 Tamworth
1%
Wielka Brytania South West England 63 029 Taunton
1%
Wielka Brytania West Midlands 162 820 Telford
1%
Włochy Abruzja 51 364 Teramo
1%
Rosja Krasnodarski 53 986 Tichorieck
1%
Rosja leningradzki 54 543 Tikhvin
1%
Rosja Krasnodarski 51 261 Timaszowsk
1%
Wielka Brytania South West England 53 353 Torquay
1%
Hiszpania Kantabria 51 261 Torrelavega
1%
Włochy Apulia 54 912 Trani
1%
Hiszpania Madryt 53 986 Tres Cantos
1%
Niemcy Nadrenia Północna-Westfalia 76 035 Troisdorf
1%
Rosja Krasnodarski 61 070 Tuapse
1%
Rosja Baszkiria 68 798 Tujmazy
1%
Wielka Brytania North East England 60 489 Tynemouth
1%
Szwecja 50 580 Upplands Väsby
1%
Hiszpania Andaluzja 52 486 Utrera
1%
Hiszpania Madryt 85 312 Valdemoro
1%
Francja Owernia-Rodan-Alpy 55 356 Vaulx-en-Velin
1%
Niemcy Nadrenia Północna-Westfalia 82 562 Velbert
1%
Hiszpania Andaluzja 89 761 Vélez-Málaga
1%
Włochy Lacjum 53 112 Velletri
1%
Holandia 68 200 Velsen
1%
Francja Owernia-Rodan-Alpy 67 756 Vénissieux
1%
Włochy Toskania 60 667 Viareggio
1%
Niemcy Nadrenia Północna-Westfalia 76 434 Viersen
1%
Włochy Lombardia 62 821 Vigevano
1%
Hiszpania Katalonia 66 420 Viladecans
1%
Francja Île-de-France 58 481 Villejuif
1%
Niemcy Badenia-Wirtembergia 89 236 Villingen-Schwenningen
1%
Włochy Lacjum 66 396 Viterbo
1%
Francja Île-de-France 98 654 Vitry-sur-Seine
1%
Holandia 77 163 Vlaardingen
1%
Niemcy Badenia-Wirtembergia 58 649 Waiblingen
1%
Wielka Brytania North West England 85 279 Wallasey
1%
Wielka Brytania North East England 50 992 Washington
1%
Wielka Brytania South West England 86 527 Weston-super-Mare
1%
Niemcy Hesja 53 663 Wetzlar
1%
Wielka Brytania South West England 55 952 Weymouth
1%
Wielka Brytania North West England 60 641 Widnes
1%
Rosja moskiewski 114 761 Widnoje
1%
Grecja 58 480 Wironas
1%
Wielka Brytania South East England 53 135 Wokingham
1%
Niemcy Dolna Saksonia 51 749 Wolfenbüttel
1%
Rosja saratowski 52 029 Wolsk
1%
Rosja moskiewski 96 691 Woskriesiensk
1%
Rosja Udmurcja 97 016 Wotkińsk
1%
Rosja leningradzki 84 773 Wsiewołożsk
1%
Wielka Brytania North West England 99 844 Wythenshawe
1%
Wielka Brytania South West England 51 751 Yeovil
1%
Rosja penzeński 57 080 Zariecznyj
1%
Holandia 60 122 Zeist
1%
Rosja Kursk 97 628 Żeleznogorsk
1%
Grecja 69 524 Zografos
1%
Wielka Brytania South East England 51 448 Andover
0%
Wielka Brytania South East England 54 070 Banbury
0%
Wielka Brytania North West England 57 741 Bebington
0%
Wielka Brytania East Midlands 52 735 Beeston
0%
Wielka Brytania West Midlands 53 619 Bloxwich
0%
Wielka Brytania South East England 70 649 Bognor Regis
0%
Wielka Brytania North West England 54 790 Bootle
0%
Rosja woroneski 59 306 Borisoglebsk
0%
Wielka Brytania South West England 50 763 Bridgwater
0%
Rosja Stawropolski 56 298 Budionnowsk
0%
Rosja Tatarstan 79 569 Bugulma
0%
Wielka Brytania West Midlands 63 811 Cannock
0%
Wielka Brytania East Midlands 53 782 Carlton
0%
Włochy Lombardia 75 224 Cinisello Balsamo
0%
Wielka Brytania Irlandia Północna 75 373 Craigavon
0%
Wielka Brytania North West England 50 277 Crosby
0%
Wielka Brytania Szkocja 50 158 Cumbernauld
0%
Rosja permski 73 861 Czajkowskij
0%
Rosja Tatarstan 58 252 Czistopol
0%
Wielka Brytania Yorkshire and the Humber 65 086 Dewsbury
0%
Rosja uljanowski 107 740 Dimitrovgrad
0%
Rosja tulski 63 626 Donskoj
0%
Rosja moskiewski 57 169 Dzierżynskij
0%
Wielka Brytania South East England 50 382 Eastleigh
0%
Wielka Brytania North West England 67 258 Ellesmere Port
0%
Wielka Brytania South East England 61 628 Farnborough
0%
Włochy Lombardia 53 661 Gallarate
0%
Rosja Stawropolski 60 791 Gieorgijewsk
0%
Wielka Brytania South East England 69 784 Gosport
0%
Wielka Brytania South East England 59 228 Gravesend
0%
Rosja Czeczenia 69 936 Gudermes
0%
Wielka Brytania West Midlands 60 840 Halesowen
0%
Wielka Brytania East Midlands 52 782 Hinckley
0%
Wielka Brytania South East England 51 165 Horsham
0%
Wielka Brytania North West England 61 175 Huyton
0%
Rosja Baszkiria 63 397 Iszymbaj
0%
Rosja moskiewski 90 006 Iwantiejewka
0%
Wielka Brytania West Midlands 52 305 Kingswinford
0%
Rosja moskiewski 73 039 Kotelniki
0%
Rosja Baszkiria 56 570 Kumiertau
0%
Rosja Tatarstan 60 093 Leninogorsk
0%
Rosja moskiewski 85 289 Łobnia
0%
Wielka Brytania East of England 71 996 Lowestoft
0%
Włochy Kampania 57 568 Marano di Napoli
0%
Włochy Abruzja 53 647 Montesilvano
0%
Wielka Brytania Irlandia Północna 68 374 Newtownabbey
0%
Wielka Brytania South West England 69 282 Paignton
0%
Wielka Brytania West Midlands 51 857 Royal Leamington Spa
0%
Wielka Brytania South East England 51 740 Royal Tunbridge Wells
0%
Wielka Brytania North West England 61 777 Runcorn
0%
Wielka Brytania South East England 56 200 Sittingbourne
0%
Wielka Brytania West Midlands 59 274 Smethwick
0%
Wielka Brytania West Midlands 57 297 Stourbridge
0%
Wielka Brytania East of England 50 399 Thundersley
0%
Rosja Czeczenia 67 714 Urus-Martan
0%
Wielka Brytania East Midlands 56 651 Wellingborough
0%
Wielka Brytania East of England 52 734 Welwyn Garden City
0%
Wielka Brytania West Midlands 50 341 Willenhall
0%
Rosja Tatarstan 99 571 Zelenodolsk
0%
Nie znaleziono quizów pasujących do podanych kryteriów
Rozkład punktacji
Procent ludzi z każdym wynikiem
Percentyl według liczby udzielonych odpowiedzi
Twoja historia wyników
Nie rozwiązałeś tego quizu od ostatniego zresetowania